| 000 | 00533nam a2200181Ia 4500 | ||
|---|---|---|---|
| 999 |
_c15963 _d15963 |
||
| 082 | _aTN.0060 | ||
| 100 | _aNair, K.R.G. | ||
| 245 | 0 | _aInter-state income disparities in India : 1950-51 to 1965-66 | |
| 260 |
_c1975 _bUniversity of Delhi |
||
| 300 | _a322p. | ||
| 650 | _aINCOME - INDIA | ||
| 650 | _aINCOME - REGIONAL DISPARITIES | ||
| 650 | _aINDIA - ECONOMIC CONDITIONS | ||
| 650 | _aREGIONAL DISPARITIES///INCOME - REGIONAL DISPARITIES | ||
| 710 | _aChaudhuri, Mrinal Datta | ||
| 710 | _aKrishna, K.L. | ||
| 942 |
_cTH _2ddc |
||